{"text_format":"3","workbook":"xlsx","n_sheets":7,"sheets":["表-04 单位工程招标控制价汇总表","表-08 分部分项工程和单价措施项目清单与计价表","表-09 综合单价分析表","表-11 总价措施项目清单与计价表","表-12 其他项目清单与计价汇总表","表-13 规费、税金项目清单与计价表","5.1-1单位工程人材机汇总表"],"read":"whole","date_system":"1900"}

{"sheet":"表-04 单位工程招标控制价汇总表","index":0,"n_rows":38,"n_cols":6,"rows_kept":38,"merged":[[0,0,0,5],[1,0,1,2],[1,4,1,5],[2,2,2,4],[3,2,3,4],[4,2,4,4],[5,2,5,4],[6,2,6,4],[7,2,7,4],[8,2,8,4],[9,2,9,4],[10,2,10,4],[11,2,11,4],[12,2,12,4],[13,2,13,4],[14,2,14,4],[15,2,15,4],[16,2,16,4],[17,2,17,4],[18,2,18,4],[19,2,19,4],[20,2,20,4],[21,2,21,4],[22,2,22,4],[23,2,23,4],[24,2,24,4],[25,2,25,4],[26,2,26,4],[27,2,27,4],[28,2,28,4],[29,2,29,4],[30,2,30,4],[31,2,31,4],[32,2,32,4],[33,2,33,4],[34,2,34,4],[35,0,35,1],[35,2,35,4],[36,0,36,5],[37,0,37,2],[37,4,37,5]]}
["单位工程招标控制价汇总表"]
["工程名称：番禺区南村镇板桥村道路铺沥青工程总预算（含其他费用及预备费）",null,null,"标段：","第 1 页  共 1 页"]
["序号","汇总内容","金额:(元)",null,null,"其中：暂估价(元)"]
["1","分部分项合计","737905.74"]
["1.1","余泥渣土运输费","1304.45"]
["1.2","路面处理","668771.59"]
["1.3","井提升","67829.70"]
["2","措施合计","17837.19"]
["2.1","绿色施工安全防护措施费","17837.19"]
["2.2","其他措施费"]
["3","其他项目","6614.56",null,null,"－"]
["3.1","暂列金额"]
["3.2","暂估价"]
["3.3","计日工"]
["3.4","总承包服务费"]
["3.5","预算包干费","6486.25"]
["3.6","工程优质费"]
["3.7","概算幅度差"]
["3.8","索赔费用"]
["3.9","现场签证费用"]
["3.10","其他费用","128.31"]
["4","税前工程造价","762357.49"]
["5","增值税销项税额","68612.17",null,null,"－"]
["6","总造价","830969.66"]
["7","人工费","54969.62"]
{"$rows_empty":10}
["招标控制价合计=1+2+3+5",null,"830,969.66",null,null,"0.00"]
["注：本表适用于单位工程招标控制价或投标报价的汇总，如无单位工程划分，单项工程也使用本表汇总"]
[{"$nulls":4},"表—04"]

{"sheet":"表-08 分部分项工程和单价措施项目清单与计价表","index":1,"n_rows":27,"n_cols":11,"rows_kept":27,"merged":[[0,0,0,10],[1,0,1,3],[1,4,1,7],[1,8,1,10],[2,0,4,0],[2,1,4,1],[2,2,4,2],[2,3,4,4],[2,5,4,5],[2,6,4,6],[2,7,2,10],[3,7,4,8],[3,9,4,9],[5,3,5,4],[5,7,5,8],[6,3,6,4],[6,7,6,8],[7,3,7,4],[7,7,7,8],[8,3,8,4],[8,7,8,8],[9,3,9,4],[9,7,9,8],[10,3,10,4],[10,7,10,8],[11,3,11,4],[11,7,11,8],[12,3,12,4],[12,7,12,8],[13,3,13,4],[13,7,13,8],[14,3,14,4],[14,7,14,8],[15,3,15,4],[15,7,15,8],[16,3,16,4],[16,7,16,8],[17,3,17,4],[17,7,17,8],[18,3,18,4],[18,7,18,8],[19,3,19,4],[19,7,19,8],[20,3,20,4],[20,7,20,8],[21,3,21,4],[21,7,21,8],[22,3,22,4],[22,7,22,8],[23,0,23,8],[24,0,24,8],[25,0,25,10],[26,0,26,3],[26,4,26,7],[26,8,26,10]]}
["分部分项工程和单价措施项目清单与计价表"]
["工程名称：番禺区南村镇板桥村道路铺沥青工程总预算（含其他费用及预备费）",{"$nulls":3},"标段：",{"$nulls":3},"第 1 页  共 1 页"]
["序号","项目编码","项目名称","项目特征描述",null,"计量单位","工程量","金额（元）"]
[{"$nulls":7},"综合单价",null,"综合合价","其中"]
[{"$nulls":10},"暂估价"]
[null,null,"余泥渣土运输费",{"$nulls":6},1304.45]
[1,"040103002001","余方弃置","1.废弃料品种:土方\n2.运距:10km",null,"m3",46.29,28.18,null,1304.45]
[null,null,"路面处理",{"$nulls":6},668771.59]
[2,"041001004001","铣刨路面","1.现状水泥混凝土路面刨铣1cm",null,"m2",4629,8.79,null,40688.91]
[3,"040203006002","沥青混凝土","1.5cm厚中粒式沥青砼(AC-16C)\n2.2cm厚中粒式沥青砼(AC-16C)\n3.道路用乳化沥青(PC-3)粘层油 0.55L/㎡\n4.玻璃纤维格栅(全部满铺)",null,"m2",4629,134.4,null,622137.6]
[4,"040901001001","现浇构件钢筋","1.材料种类:水泥混凝土路面钢筋 构造筋",null,"t",1.05,5661.98,null,5945.08]
[null,null,"井提升",{"$nulls":6},67829.7]
[5,"粤R3-2-39","行车路检查(沉砂)井 升高0.15m内","1.排水井提升\n2.利用原来井盖",null,"座",41,425.95,null,17463.95]
[6,"粤R3-2-47","行车路平入式 升高0.2m内","1.平入式雨水口提升\n2.利用原来井盖",null,"座",105,347.35,null,36471.75]
[7,"粤R3-2-47","行车路平入式 升高0.2m内","1.自来水井提升\n2.利用原来井盖",null,"座",36,347.35,null,12504.6]
[8,"粤R3-2-47","行车路平入式 升高0.2m内","1.电井提升\n2.利用原来井盖",null,"座",4,347.35,null,1389.4]
[null,null,"措施项目"]
[]
[]
[]
[]
[]
[]
["本页小计",{"$nulls":8},737905.74]
["合   计",{"$nulls":8},737905.74]
["注：为计取规费等的使用，可在表中增设其中：“定额人工费”。"]
[{"$nulls":8},"表—08"]

{"sheet":"表-09 综合单价分析表","index":2,"n_rows":167,"n_cols":14,"rows_kept":167,"merged":[[0,0,0,13],[1,0,1,7],[1,8,1,9],[1,10,1,13],[2,0,2,1],[2,2,2,3],[2,5,2,8],[2,9,2,10],[2,13,2,13],[3,0,3,13],[4,0,5,0],[4,1,5,1],[4,2,5,2],[4,3,5,3],[4,4,4,8],[4,9,4,13],[5,7,5,8],[5,9,5,10],[5,13,5,13],[6,7,6,8],[6,9,6,10],[6,13,6,13],[7,7,7,8],[7,9,7,10],[7,13,7,13],[8,0,8,1],[8,2,8,8],[8,9,8,10],[8,13,8,13],[9,0,9,1],[9,2,9,8],[9,9,9,13],[10,0,10,8],[10,9,10,13],[11,0,11,0],[11,1,11,5],[11,7,11,8],[11,9,11,10],[11,13,11,13],[12,0,12,0],[12,1,12,5],[12,7,12,8],[12,9,12,10],[12,13,12,13],[13,0,13,0],[13,1,13,5],[13,7,13,8],[13,9,13,10],[13,13,13,13],[14,0,14,0],[14,1,14,5],[14,7,14,8],[14,9,14,10],[14,13,14,13],[15,0,15,0],[15,1,15,5],[15,7,15,8],[15,9,15,10],[15,13,15,13],[16,0,16,0],[16,1,16,5],[16,7,16,8],[16,9,16,10],[16,13,16,13],[17,0,17,13],[18,0,18,7],[18,8,18,9],[18,10,18,13],[19,0,19,13],[20,0,20,7],[20,8,20,9],[20,10,20,13],[21,0,21,1],[21,2,21,3],[21,5,21,8],[21,9,21,10],[21,13,21,13],[22,0,22,13],[23,0,24,0],[23,1,24,1],[23,2,24,2],[23,3,24,3],[23,4,23,8],[23,9,23,13],[24,7,24,8],[24,9,24,10],[24,13,24,13],[25,7,25,8],[25,9,25,10],[25,13,25,13],[26,0,26,1],[26,2,26,8],[26,9,26,10],[26,13,26,13],[27,0,27,1],[27,2,27,8],[27,9,27,13],[28,0,28,8],[28,9,28,13],[29,0,31,0],[29,1,29,5],[29,7,29,8],[29,9,29,10],[29,13,29,13],[30,1,30,8],[30,9,30,10],[30,13,30,13],[31,1,31,8],[31,9,31,10],[31,13,31,13],[32,0,32,0],[32,1,32,5],[32,7,32,8],[32,9,32,10],[32,13,32,13],[33,0,33,0],[33,1,33,5],[33,7,33,8],[33,9,33,10],[33,13,33,13],[34,0,34,0],[34,1,34,5],[34,7,34,8],[34,9,34,10],[34,13,34,13],[35,0,35,0],[35,1,35,5],[35,7,35,8],[35,9,35,10],[35,13,35,13],[36,0,36,0],[36,1,36,5],[36,7,36,8],[36,9,36,10],[36,13,36,13],[37,0,37,0],[37,1,37,5],[37,7,37,8],[37,9,37,10],[37,13,37,13],[38,0,38,0],[38,1,38,5],[38,7,38,8],[38,9,38,10],[38,13,38,13],[39,0,39,0],[39,1,39,5],[39,7,39,8],[39,9,39,10],[39,13,39,13],[40,0,40,13],[41,0,41,7],[41,8,41,9],[41,10,41,13],[42,0,42,13],[43,0,43,7],[43,8,43,9],[43,10,43,13],[44,0,44,1],[44,2,44,3],[44,5,44,8],[44,9,44,10],[44,13,44,13],[45,0,45,13],[46,0,47,0],[46,1,47,1],[46,2,47,2],[46,3,47,3],[46,4,46,8],[46,9,46,13],[47,7,47,8],[47,9,47,10],[47,13,47,13],[48,7,48,8],[48,9,48,10],[48,13,48,13],[49,7,49,8],[49,9,49,10],[49,13,49,13],[50,7,50,8],[50,9,50,10],[50,13,50,13],[51,7,51,8],[51,9,51,10],[51,13,51,13],[52,0,52,1],[52,2,52,8],[52,9,52,10],[52,13,52,13],[53,0,53,1],[53,2,53,8],[53,9,53,13],[54,0,54,8],[54,9,54,13],[55,0,57,0],[55,1,55,5],[55,7,55,8],[55,9,55,10],[55,13,55,13],[56,1,56,8],[56,9,56,10],[56,13,56,13],[57,1,57,8],[57,9,57,10],[57,13,57,13],[58,0,58,0],[58,1,58,5],[58,7,58,8],[58,9,58,10],[58,13,58,13],[59,0,59,0],[59,1,59,5],[59,7,59,8],[59,9,59,10],[59,13,59,13],[60,0,60,0],[60,1,60,5],[60,7,60,8],[60,9,60,10],[60,13,60,13],[61,0,61,0],[61,1,61,5],[61,7,61,8],[61,9,61,10],[61,13,61,13],[62,0,62,13],[63,0,63,7],[63,8,63,9],[63,10,63,13],[64,0,64,13],[65,0,65,7],[65,8,65,9],[65,10,65,13],[66,0,66,1],[66,2,66,3],[66,5,66,8],[66,9,66,10],[66,13,66,13],[67,0,67,13],[68,0,69,0],[68,1,69,1],[68,2,69,2],[68,3,69,3],[68,4,68,8],[68,9,68,13],[69,7,69,8],[69,9,69,10],[69,13,69,13],[70,7,70,8],[70,9,70,10],[70,13,70,13],[71,0,71,1],[71,2,71,8],[71,9,71,10],[71,13,71,13],[72,0,72,1],[72,2,72,8],[72,9,72,13],[73,0,73,8],[73,9,73,13],[74,0,76,0],[74,1,74,5],[74,7,74,8],[74,9,74,10],[74,13,74,13],[75,1,75,8],[75,9,75,10],[75,13,75,13],[76,1,76,8],[76,9,76,10],[76,13,76,13],[77,0,77,0],[77,1,77,5],[77,7,77,8],[77,9,77,10],[77,13,77,13],[78,0,78,0],[78,1,78,5],[78,7,78,8],[78,9,78,10],[78,13,78,13],[79,0,79,0],[79,1,79,5],[79,7,79,8],[79,9,79,10],[79,13,79,13],[80,0,80,0],[80,1,80,5],[80,7,80,8],[80,9,80,10],[80,13,80,13],[81,0,81,0],[81,1,81,5],[81,7,81,8],[81,9,81,10],[81,13,81,13],[82,0,82,0],[82,1,82,5],[82,7,82,8],[82,9,82,10],[82,13,82,13],[83,0,83,0],[83,1,83,5],[83,7,83,8],[83,9,83,10],[83,13,83,13],[84,0,84,0],[84,1,84,5],[84,7,84,8],[84,9,84,10],[84,13,84,13],[85,0,85,13],[86,0,86,7],[86,8,86,9],[86,10,86,13],[87,0,87,13],[88,0,88,7],[88,8,88,9],[88,10,88,13],[89,0,89,1],[89,2,89,3],[89,5,89,8],[89,9,89,10],[89,13,89,13],[90,0,90,13],[91,0,92,0],[91,1,92,1],[91,2,92,2],[91,3,92,3],[91,4,91,8],[91,9,91,13],[92,7,92,8],[92,9,92,10],[92,13,92,13],[93,7,93,8],[93,9,93,10],[93,13,93,13],[94,7,94,8],[94,9,94,10],[94,13,94,13],[95,7,95,8],[95,9,95,10],[95,13,95,13],[96,0,96,1],[96,2,96,8],[96,9,96,10],[96,13,96,13],[97,0,97,1],[97,2,97,8],[97,9,97,13],[98,0,98,8],[98,9,98,13],[99,0,104,0],[99,1,99,5],[99,7,99,8],[99,9,99,10],[99,13,99,13],[100,1,100,5],[100,7,100,8],[100,9,100,10],[100,13,100,13],[101,1,101,5],[101,7,101,8],[101,9,101,10],[101,13,101,13],[102,1,102,5],[102,7,102,8],[102,9,102,10],[102,13,102,13],[103,1,103,8],[103,9,103,10],[103,13,103,13],[104,1,104,8],[104,9,104,10],[104,13,104,13],[105,0,105,13],[106,0,106,7],[106,8,106,9],[106,10,106,13],[107,0,107,13],[108,0,108,7],[108,8,108,9],[108,10,108,13],[109,0,109,1],[109,2,109,3],[109,5,109,8],[109,9,109,10],[109,13,109,13],[110,0,110,13],[111,0,112,0],[111,1,112,1],[111,2,112,2],[111,3,112,3],[111,4,111,8],[111,9,111,13],[112,7,112,8],[112,9,112,10],[112,13,112,13],[113,7,113,8],[113,9,113,10],[113,13,113,13],[114,7,114,8],[114,9,114,10],[114,13,114,13],[115,7,115,8],[115,9,115,10],[115,13,115,13],[116,0,116,1],[116,2,116,8],[116,9,116,10],[116,13,116,13],[117,0,117,1],[117,2,117,8],[117,9,117,13],[118,0,118,8],[118,9,118,13],[119,0,124,0],[119,1,119,5],[119,7,119,8],[119,9,119,10],[119,13,119,13],[120,1,120,5],[120,7,120,8],[120,9,120,10],[120,13,120,13],[121,1,121,5],[121,7,121,8],[121,9,121,10],[121,13,121,13],[122,1,122,5],[122,7,122,8],[122,9,122,10],[122,13,122,13],[123,1,123,8],[123,9,123,10],[123,13,123,13],[124,1,124,8],[124,9,124,10],[124,13,124,13],[125,0,125,13],[126,0,126,7],[126,8,126,9],[126,10,126,13],[127,0,127,13],[128,0,128,7],[128,8,128,9],[128,10,128,13],[129,0,129,1],[129,2,129,3],[129,5,129,8],[129,9,129,10],[129,13,129,13],[130,0,130,13],[131,0,132,0],[131,1,132,1],[131,2,132,2],[131,3,132,3],[131,4,131,8],[131,9,131,13],[132,7,132,8],[132,9,132,10],[132,13,132,13],[133,7,133,8],[133,9,133,10],[133,13,133,13],[134,7,134,8],[134,9,134,10],[134,13,134,13],[135,7,135,8],[135,9,135,10],[135,13,135,13],[136,0,136,1],[136,2,136,8],[136,9,136,10],[136,13,136,13],[137,0,137,1],[137,2,137,8],[137,9,137,13],[138,0,138,8],[138,9,138,13],[139,0,144,0],[139,1,139,5],[139,7,139,8],[139,9,139,10],[139,13,139,13],[140,1,140,5],[140,7,140,8],[140,9,140,10],[140,13,140,13],[141,1,141,5],[141,7,141,8],[141,9,141,10],[141,13,141,13],[142,1,142,5],[142,7,142,8],[142,9,142,10],[142,13,142,13],[143,1,143,8],[143,9,143,10],[143,13,143,13],[144,1,144,8],[144,9,144,10],[144,13,144,13],[145,0,145,13],[146,0,146,7],[146,8,146,9],[146,10,146,13],[147,0,147,13],[148,0,148,7],[148,8,148,9],[148,10,148,13],[149,0,149,1],[149,2,149,3],[149,5,149,8],[149,9,149,10],[149,13,149,13],[150,0,150,13],[151,0,152,0],[151,1,152,1],[151,2,152,2],[151,3,152,3],[151,4,151,8],[151,9,151,13],[152,7,152,8],[152,9,152,10],[152,13,152,13],[153,7,153,8],[153,9,153,10],[153,13,153,13],[154,7,154,8],[154,9,154,10],[154,13,154,13],[155,7,155,8],[155,9,155,10],[155,13,155,13],[156,0,156,1],[156,2,156,8],[156,9,156,10],[156,13,156,13],[157,0,157,1],[157,2,157,8],[157,9,157,13],[158,0,158,8],[158,9,158,13],[159,0,164,0],[159,1,159,5],[159,7,159,8],[159,9,159,10],[159,13,159,13],[160,1,160,5],[160,7,160,8],[160,9,160,10],[160,13,160,13],[161,1,161,5],[161,7,161,8],[161,9,161,10],[161,13,161,13],[162,1,162,5],[162,7,162,8],[162,9,162,10],[162,13,162,13],[163,1,163,8],[163,9,163,10],[163,13,163,13],[164,1,164,8],[164,9,164,10],[164,13,164,13],[165,0,165,13],[166,0,166,7],[166,8,166,9],[166,10,166,13]]}
["综合单价分析表"]
["工程名称：番禺区南村镇板桥村道路铺沥青工程总预算（含其他费用及预备费）",{"$nulls":7},"标段：",null,"第 1 页  共 8 页"]
["项目编码",null,"040103002001",null,"项目名称","余方弃置",{"$nulls":3},"计量单位",null,"m3","工程量",46.29]
["清单综合单价组成明细"]
["定额编号","定额项目名称","定额\n单位","数量","单价",{"$nulls":4},"合价"]
[{"$nulls":4},"人工费","材料费","机具费","管理费\n和利润",null,"人工费",null,"材料费","机具费","管理费\n和利润"]
["D1-1-53 换","自卸汽车运土方 运距1km内 \u007f实际运距(km):10","1000m3天然密实方",0.001,null,null,19854.85,5481.93,{"$nulls":4},19.85,5.48]
["D1-1-51","挖掘机装土","1000m3天然密实方",0.001,388.52,null,1839.68,615.21,null,0.39,null,null,1.84,0.62]
["人工单价",null,"小计",{"$nulls":6},0.39,null,null,21.69,6.1]
[null,null,"未计价材料费"]
["清单项目综合单价",{"$nulls":8},28.18]
["材\n料\n费\n明\n细","主要材料名称、规格、型号",{"$nulls":4},"单位","数量",null,"单价（元）",null,"合价（元）","暂估单价\n（元）","暂估合价\n（元）"]
[]
[]
[]
[]
[]
["注：1.如不使用省级或行业建设主管部门发布的计价依据，可不填定额编码、名称等；\n    2.招标文件提供了暂估单价的材料，按暂估的单价填入表内“暂估单价”栏及“暂估合价”栏。"]
[{"$nulls":10},"表-09"]
["综合单价分析表"]
["工程名称：番禺区南村镇板桥村道路铺沥青工程总预算（含其他费用及预备费）",{"$nulls":7},"标段：",null,"第 2 页  共 8 页"]
["项目编码",null,"041001004001",null,"项目名称","铣刨路面",{"$nulls":3},"计量单位",null,"m2","工程量",4629]
["清单综合单价组成明细"]
["定额编号","定额项目名称","定额\n单位","数量","单价",{"$nulls":4},"合价"]
[{"$nulls":4},"人工费","材料费","机具费","管理费\n和利润",null,"人工费",null,"材料费","机具费","管理费\n和利润"]
["D1-4-85","铣刨机铣刨路面 混凝土路面(厚5cm内)","1000m2",0.001,720.72,389.25,5865.95,1818.58,null,0.72,null,0.39,5.87,1.82]
["人工单价",null,"小计",{"$nulls":6},0.72,null,0.39,5.87,1.82]
[null,null,"未计价材料费"]
["清单项目综合单价",{"$nulls":8},8.79]
["材\n料\n费\n明\n细","主要材料名称、规格、型号",{"$nulls":4},"单位","数量",null,"单价（元）",null,"合价（元）","暂估单价\n（元）","暂估合价\n（元）"]
[null,"其他材料费",{"$nulls":7},"-",null,0.39,"-"]
[null,"材料费小计",{"$nulls":7},"-",null,0.39,"-"]
{"$rows_empty":8}
["注：1.如不使用省级或行业建设主管部门发布的计价依据，可不填定额编码、名称等；\n    2.招标文件提供了暂估单价的材料，按暂估的单价填入表内“暂估单价”栏及“暂估合价”栏。"]
[{"$nulls":10},"表-09"]
["综合单价分析表"]
["工程名称：番禺区南村镇板桥村道路铺沥青工程总预算（含其他费用及预备费）",{"$nulls":7},"标段：",null,"第 3 页  共 8 页"]
["项目编码",null,"040203006002",null,"项目名称","沥青混凝土",{"$nulls":3},"计量单位",null,"m2","工程量",4629]
["清单综合单价组成明细"]
["定额编号","定额项目名称","定额\n单位","数量","单价",{"$nulls":4},"合价"]
[{"$nulls":4},"人工费","材料费","机具费","管理费\n和利润",null,"人工费",null,"材料费","机具费","管理费\n和利润"]
["D2-3-43","机械摊铺沥青混凝土路面 中粒式","100m3",0.0005,1078,154779.99,4225.55,1398.01,null,0.54,null,77.39,2.11,0.7]
["D2-3-43","机械摊铺沥青混凝土路面 中粒式","100m3",0.0002,1078,154779.99,4225.55,1398.01,null,0.22,null,30.96,0.85,0.28]
["D2-3-31","喷洒乳化沥青 喷油量(1kg/m2)","100m2",0.01,6.93,362.88,44.49,13.55,null,0.07,null,3.63,0.44,0.14]
["D2-3-63","铺装玻璃纤维格栅","100m2",0.01,187.1,1472.31,null,49.32,null,1.87,null,14.72,null,0.49]
["人工单价",null,"小计",{"$nulls":6},2.7,null,126.7,3.4,1.61]
[null,null,"未计价材料费"]
["清单项目综合单价",{"$nulls":8},134.4]
["材\n料\n费\n明\n细","主要材料名称、规格、型号",{"$nulls":4},"单位","数量",null,"单价（元）",null,"合价（元）","暂估单价\n（元）","暂估合价\n（元）"]
[null,"其他材料费",{"$nulls":7},"-",null,18.89,"-"]
[null,"材料费小计",{"$nulls":7},"-",null,18.89,"-"]
[]
[]
[]
[]
["注：1.如不使用省级或行业建设主管部门发布的计价依据，可不填定额编码、名称等；\n    2.招标文件提供了暂估单价的材料，按暂估的单价填入表内“暂估单价”栏及“暂估合价”栏。"]
[{"$nulls":10},"表-09"]
["综合单价分析表"]
["工程名称：番禺区南村镇板桥村道路铺沥青工程总预算（含其他费用及预备费）",{"$nulls":7},"标段：",null,"第 4 页  共 8 页"]
["项目编码",null,"040901001001",null,"项目名称","现浇构件钢筋",{"$nulls":3},"计量单位",null,"t","工程量",1.05]
["清单综合单价组成明细"]
["定额编号","定额项目名称","定额\n单位","数量","单价",{"$nulls":4},"合价"]
[{"$nulls":4},"人工费","材料费","机具费","管理费\n和利润",null,"人工费",null,"材料费","机具费","管理费\n和利润"]
["借D2-3-75","水泥混凝土路面钢筋 构造筋","t",1,1110.78,4285.79,19.44,245.97,null,1110.78,null,4285.79,19.44,245.97]
["人工单价",null,"小计",{"$nulls":6},1110.78,null,4285.79,19.44,245.97]
["综合工日110元/工日",null,"未计价材料费"]
["清单项目综合单价",{"$nulls":8},5661.98]
["材\n料\n费\n明\n细","主要材料名称、规格、型号",{"$nulls":4},"单位","数量",null,"单价（元）",null,"合价（元）","暂估单价\n（元）","暂估合价\n（元）"]
[null,"其他材料费",{"$nulls":7},"-",null,4285.79,"-"]
[null,"材料费小计",{"$nulls":7},"-",null,4285.79,"-"]
{"$rows_empty":8}
["注：1.如不使用省级或行业建设主管部门发布的计价依据，可不填定额编码、名称等；\n    2.招标文件提供了暂估单价的材料，按暂估的单价填入表内“暂估单价”栏及“暂估合价”栏。"]
[{"$nulls":10},"表-09"]
["综合单价分析表"]
["工程名称：番禺区南村镇板桥村道路铺沥青工程总预算（含其他费用及预备费）",{"$nulls":7},"标段：",null,"第 5 页  共 8 页"]
["项目编码",null,"粤R3-2-39",null,"项目名称","行车路检查(沉砂)井 升高0.15m内",{"$nulls":3},"计量单位",null,"座","工程量",41]
["清单综合单价组成明细"]
["定额编号","定额项目名称","定额\n单位","数量","单价",{"$nulls":4},"合价"]
[{"$nulls":4},"人工费","材料费","机具费","管理费\n和利润",null,"人工费",null,"材料费","机具费","管理费\n和利润"]
["借R3-2-43","行车路检查(沉砂)井 升高0.15m内","座",1,250.47,32.29,48.2,68.04,null,250.47,null,32.29,48.2,68.04]
["借8001596-03","预拌砂浆(干拌) M7.5 水泥砂浆","m3",0.042,null,469.67,25.39,3.81,{"$nulls":3},19.7,1.07,0.16]
["借8001596-06","预拌砂浆(干拌) 1:2 水泥砂浆","m3",0.0115,null,493.07,25.39,3.81,{"$nulls":3},5.69,0.29,0.04]
["人工单价",null,"小计",{"$nulls":6},250.47,null,57.68,49.56,68.24]
["综合工日110元/工日",null,"未计价材料费",{"$nulls":6},25.29]
["清单项目综合单价",{"$nulls":8},425.95]
["材\n料\n费\n明\n细","主要材料名称、规格、型号",{"$nulls":4},"单位","数量",null,"单价（元）",null,"合价（元）","暂估单价\n（元）","暂估合价\n（元）"]
[null,"马检井预制钢筋砼井环铸铁井盖座 Ф920×200",{"$nulls":4},"套"]
[null,"水泥砂浆 1:2(干拌)",{"$nulls":4},"m3",0.0115,null,491.24,null,5.65]
[null,"水泥砂浆 M7.5(干拌)",{"$nulls":4},"m3",0.042,null,467.84,null,19.65]
[null,"其他材料费",{"$nulls":7},"-",null,32.39,"-"]
[null,"材料费小计",{"$nulls":7},"-",null,57.69,"-"]
["注：1.如不使用省级或行业建设主管部门发布的计价依据，可不填定额编码、名称等；\n    2.招标文件提供了暂估单价的材料，按暂估的单价填入表内“暂估单价”栏及“暂估合价”栏。"]
[{"$nulls":10},"表-09"]
["综合单价分析表"]
["工程名称：番禺区南村镇板桥村道路铺沥青工程总预算（含其他费用及预备费）",{"$nulls":7},"标段：",null,"第 6 页  共 8 页"]
["项目编码",null,"粤R3-2-47",null,"项目名称","行车路平入式 升高0.2m内",{"$nulls":3},"计量单位",null,"座","工程量",105]
["清单综合单价组成明细"]
["定额编号","定额项目名称","定额\n单位","数量","单价",{"$nulls":4},"合价"]
[{"$nulls":4},"人工费","材料费","机具费","管理费\n和利润",null,"人工费",null,"材料费","机具费","管理费\n和利润"]
["借R3-2-47","行车路平入式 升高0.2m内","座",1,191.07,28.19,48.2,54.69,null,191.07,null,28.19,48.2,54.69]
["借8001596-03","预拌砂浆(干拌) M7.5 水泥砂浆","m3",0.039,null,469.67,25.39,3.81,{"$nulls":3},18.32,0.99,0.15]
["借8001596-06","预拌砂浆(干拌) 1:2 水泥砂浆","m3",0.011,null,493.07,25.39,3.81,{"$nulls":3},5.42,0.28,0.04]
["人工单价",null,"小计",{"$nulls":6},191.07,null,51.93,49.47,54.88]
["综合工日110元/工日",null,"未计价材料费",{"$nulls":6},23.65]
["清单项目综合单价",{"$nulls":8},347.35]
["材\n料\n费\n明\n细","主要材料名称、规格、型号",{"$nulls":4},"单位","数量",null,"单价（元）",null,"合价（元）","暂估单价\n（元）","暂估合价\n（元）"]
[null,"水泥砂浆 1:2(干拌)",{"$nulls":4},"m3",0.011,null,491.24,null,5.4]
[null,"水泥砂浆 M7.5(干拌)",{"$nulls":4},"m3",0.039,null,467.84,null,18.25]
[null,"平入式进水井预制钢筋砼井环铸铁井盖座 ",{"$nulls":4},"套"]
[null,"其他材料费",{"$nulls":7},"-",null,28.28,"-"]
[null,"材料费小计",{"$nulls":7},"-",null,51.93,"-"]
["注：1.如不使用省级或行业建设主管部门发布的计价依据，可不填定额编码、名称等；\n    2.招标文件提供了暂估单价的材料，按暂估的单价填入表内“暂估单价”栏及“暂估合价”栏。"]
[{"$nulls":10},"表-09"]
["综合单价分析表"]
["工程名称：番禺区南村镇板桥村道路铺沥青工程总预算（含其他费用及预备费）",{"$nulls":7},"标段：",null,"第 7 页  共 8 页"]
["项目编码",null,"粤R3-2-47",null,"项目名称","行车路平入式 升高0.2m内",{"$nulls":3},"计量单位",null,"座","工程量",36]
["清单综合单价组成明细"]
["定额编号","定额项目名称","定额\n单位","数量","单价",{"$nulls":4},"合价"]
[{"$nulls":4},"人工费","材料费","机具费","管理费\n和利润",null,"人工费",null,"材料费","机具费","管理费\n和利润"]
["借R3-2-47","行车路平入式 升高0.2m内","座",1,191.07,28.19,48.2,54.69,null,191.07,null,28.19,48.2,54.69]
["借8001596-03","预拌砂浆(干拌) M7.5 水泥砂浆","m3",0.039,null,469.67,25.39,3.81,{"$nulls":3},18.32,0.99,0.15]
["借8001596-06","预拌砂浆(干拌) 1:2 水泥砂浆","m3",0.011,null,493.07,25.39,3.81,{"$nulls":3},5.42,0.28,0.04]
["人工单价",null,"小计",{"$nulls":6},191.07,null,51.93,49.47,54.88]
["综合工日110元/工日",null,"未计价材料费",{"$nulls":6},23.65]
["清单项目综合单价",{"$nulls":8},347.35]
["材\n料\n费\n明\n细","主要材料名称、规格、型号",{"$nulls":4},"单位","数量",null,"单价（元）",null,"合价（元）","暂估单价\n（元）","暂估合价\n（元）"]
[null,"水泥砂浆 1:2(干拌)",{"$nulls":4},"m3",0.011,null,491.24,null,5.4]
[null,"水泥砂浆 M7.5(干拌)",{"$nulls":4},"m3",0.039,null,467.84,null,18.25]
[null,"平入式进水井预制钢筋砼井环铸铁井盖座 ",{"$nulls":4},"套"]
[null,"其他材料费",{"$nulls":7},"-",null,28.28,"-"]
[null,"材料费小计",{"$nulls":7},"-",null,51.93,"-"]
["注：1.如不使用省级或行业建设主管部门发布的计价依据，可不填定额编码、名称等；\n    2.招标文件提供了暂估单价的材料，按暂估的单价填入表内“暂估单价”栏及“暂估合价”栏。"]
[{"$nulls":10},"表-09"]
["综合单价分析表"]
["工程名称：番禺区南村镇板桥村道路铺沥青工程总预算（含其他费用及预备费）",{"$nulls":7},"标段：",null,"第 8 页  共 8 页"]
["项目编码",null,"粤R3-2-47",null,"项目名称","行车路平入式 升高0.2m内",{"$nulls":3},"计量单位",null,"座","工程量",4]
["清单综合单价组成明细"]
["定额编号","定额项目名称","定额\n单位","数量","单价",{"$nulls":4},"合价"]
[{"$nulls":4},"人工费","材料费","机具费","管理费\n和利润",null,"人工费",null,"材料费","机具费","管理费\n和利润"]
["借R3-2-47","行车路平入式 升高0.2m内","座",1,191.07,28.19,48.2,54.69,null,191.07,null,28.19,48.2,54.69]
["借8001596-03","预拌砂浆(干拌) M7.5 水泥砂浆","m3",0.039,null,469.67,25.39,3.81,{"$nulls":3},18.32,0.99,0.15]
["借8001596-06","预拌砂浆(干拌) 1:2 水泥砂浆","m3",0.011,null,493.07,25.39,3.81,{"$nulls":3},5.42,0.28,0.04]
["人工单价",null,"小计",{"$nulls":6},191.07,null,51.93,49.47,54.88]
["综合工日110元/工日",null,"未计价材料费",{"$nulls":6},23.65]
["清单项目综合单价",{"$nulls":8},347.35]
["材\n料\n费\n明\n细","主要材料名称、规格、型号",{"$nulls":4},"单位","数量",null,"单价（元）",null,"合价（元）","暂估单价\n（元）","暂估合价\n（元）"]
[null,"水泥砂浆 1:2(干拌)",{"$nulls":4},"m3",0.011,null,491.24,null,5.4]
[null,"水泥砂浆 M7.5(干拌)",{"$nulls":4},"m3",0.039,null,467.84,null,18.25]
[null,"平入式进水井预制钢筋砼井环铸铁井盖座 ",{"$nulls":4},"套"]
[null,"其他材料费",{"$nulls":7},"-",null,28.28,"-"]
[null,"材料费小计",{"$nulls":7},"-",null,51.93,"-"]
["注：1.如不使用省级或行业建设主管部门发布的计价依据，可不填定额编码、名称等；\n    2.招标文件提供了暂估单价的材料，按暂估的单价填入表内“暂估单价”栏及“暂估合价”栏。"]
[{"$nulls":10},"表-09"]

{"sheet":"表-11 总价措施项目清单与计价表","index":3,"n_rows":35,"n_cols":11,"rows_kept":35,"merged":[[0,0,0,10],[1,0,1,5],[1,6,1,7],[1,8,1,10],[2,5,2,6],[2,7,2,8],[3,5,3,6],[3,7,3,8],[4,5,4,6],[4,7,4,8],[5,5,5,6],[5,7,5,8],[6,5,6,6],[6,7,6,8],[7,0,7,5],[7,6,7,10],[8,0,8,5],[8,6,8,7],[8,8,8,10],[9,0,9,10],[10,0,10,5],[10,6,10,7],[10,8,10,10],[11,5,11,6],[11,7,11,8],[12,5,12,6],[12,7,12,8],[13,5,13,6],[13,7,13,8],[14,5,14,6],[14,7,14,8],[15,5,15,6],[15,7,15,8],[16,5,16,6],[16,7,16,8],[17,5,17,6],[17,7,17,8],[18,5,18,6],[18,7,18,8],[19,5,19,6],[19,7,19,8],[20,5,20,6],[20,7,20,8],[21,5,21,6],[21,7,21,8],[22,5,22,6],[22,7,22,8],[23,5,23,6],[23,7,23,8],[24,5,24,6],[24,7,24,8],[25,5,25,6],[25,7,25,8],[26,5,26,6],[26,7,26,8],[27,5,27,6],[27,7,27,8],[28,5,28,6],[28,7,28,8],[29,5,29,6],[29,7,29,8],[30,5,30,6],[30,7,30,8],[31,5,31,6],[31,7,31,8],[32,0,32,4],[32,5,32,6],[32,7,32,8],[33,0,33,5],[33,6,33,10],[34,0,34,5],[34,6,34,7],[34,8,34,10]]}
["总价措施项目清单与计价表"]
["工程名称：番禺区南村镇板桥村道路铺沥青工程总预算（含其他费用及预备费）",{"$nulls":5},"标段：",null,"第 1 页  共 2 页"]
["序号","项目编码","项目名称","计算基础","费率\n(%)","金额\n(元)",null,"调整\n费率(%)",null,"调整后\n金额(元)","备注"]
["1","LSSGCSF00001","绿色施工安全防护措施费","分部分项人工费+分部分项机具费","16.5",17837.19,{"$nulls":4},"以分部分项的人工费与施工机具费之和为计算基础；以专业工程类型\n区分不同费率计算；\n单独场地平整工程费率为4.35%；\n道路、管网工程费率为16.50%；\n桥涵、隧道、水处理构筑物工程费率为14.50%；\n\n分部分项工程总费用在300 万元以内（含300 万元）的项目按基本费率乘以1.20；"]
["2","粤041109009001","文明工地增加费","分部分项人工费+分部分项机具费","0",{"$nulls":5},"以分部分项的人工费与施工机具费之和为计算基础；市级文明工地0.60%；省级文明工地1.20%"]
["3","041109002001","夜间施工增加费",null,"20",{"$nulls":5},"以夜间施工项目人工费的20%计算"]
["4","041109005001","交通疏解员增加费",null,"15",{"$nulls":5},"按照项目分部分项人工费的15%计算（有方案的按照方案计算），"]
["编制人（造价人员）：",{"$nulls":5},"复核人（造价工程师）："]
[{"$nulls":8},"表-11"]
["总价措施项目清单与计价表"]
["工程名称：番禺区南村镇板桥村道路铺沥青工程总预算（含其他费用及预备费）",{"$nulls":5},"标段：",null,"第 2 页  共 2 页"]
["序号","项目编码","项目名称","计算基础","费率\n(%)","金额\n(元)",null,"调整\n费率(%)",null,"调整后\n金额(元)","备注"]
[{"$nulls":10},"结算时据实结算。"]
["5","041108001001","地下管线交叉降效费",null,"0",{"$nulls":5},"按实际发生或经批准的施工方案计算"]
["6","粤041109008001","赶工措施费","分部分项人工费+分部分项机具费","0",{"$nulls":5},"赶工措施费=（1-δ）*分部分项的（人工费+施工机具费）*0.30 （0.8≤δ＜1   式中：δ=合同工期/定额工期）"]
["7","QTFY00000001","其他费用",{"$nulls":7},"按实际发生或经批准的施工组织设计方案计算"]
{"$rows_empty":16}
["合    计",{"$nulls":4},17837.19]
["编制人（造价人员）：",{"$nulls":5},"复核人（造价工程师）："]
[{"$nulls":8},"表-11"]

{"sheet":"表-12 其他项目清单与计价汇总表","index":4,"n_rows":38,"n_cols":7,"rows_kept":38,"merged":[[0,0,0,4],[0,5,0,6],[1,0,1,6],[2,0,2,2],[2,3,2,4],[2,5,2,6],[3,2,3,3],[3,4,3,5],[4,2,4,3],[4,4,4,5],[5,2,5,3],[5,4,5,5],[6,2,6,3],[6,4,6,5],[7,2,7,3],[7,4,7,5],[8,2,8,3],[8,4,8,5],[9,2,9,3],[9,4,9,5],[10,2,10,3],[10,4,10,5],[11,2,11,3],[11,4,11,5],[12,2,12,3],[12,4,12,5],[13,2,13,3],[13,4,13,5],[14,2,14,3],[14,4,14,5],[15,2,15,3],[15,4,15,5],[16,2,16,3],[16,4,16,5],[17,2,17,3],[17,4,17,5],[18,2,18,3],[18,4,18,5],[19,2,19,3],[19,4,19,5],[20,2,20,3],[20,4,20,5],[21,2,21,3],[21,4,21,5],[22,2,22,3],[22,4,22,5],[23,2,23,3],[23,4,23,5],[24,2,24,3],[24,4,24,5],[25,2,25,3],[25,4,25,5],[26,2,26,3],[26,4,26,5],[27,2,27,3],[27,4,27,5],[28,2,28,3],[28,4,28,5],[29,2,29,3],[29,4,29,5],[30,2,30,3],[30,4,30,5],[31,2,31,3],[31,4,31,5],[32,2,32,3],[32,4,32,5],[33,2,33,3],[33,4,33,5],[34,2,34,3],[34,4,34,5],[35,2,35,3],[35,4,35,5],[36,0,36,6],[37,0,37,2],[37,3,37,4],[37,5,37,6]]}
[]
["其他项目清单与计价汇总表"]
["工程名称：番禺区南村镇板桥村道路铺沥青工程总预算（含其他费用及预备费）",null,null,"标段：",null,"第 1 页  共 1 页"]
["序号","项目名称","金额（元）",null,"结算金额（元）",null,"备注"]
["1","暂列金额",{"$nulls":4},"明细详见表-12-1"]
["2","暂估价"]
["2.1","材料暂估价","—",{"$nulls":3},"明细详见表-12-2"]
["2.2","专业工程暂估价",{"$nulls":4},"明细详见表-12-3"]
["3","计日工",{"$nulls":4},"明细详见表-12-4"]
["4","总承包服务费",{"$nulls":4},"明细详见表-12-5"]
["5","预算包干费","6486.25"]
["6","工程优质费"]
["7","概算幅度差"]
["8","现场签证费用"]
["9","索赔费用"]
["10","其他费用","128.31"]
{"$rows_empty":19}
[null,"合  计","6614.56",{"$nulls":3},"—"]
["注：材料（工程设备）暂估单价进入清单项目综合单价，此处不汇总。"]
[{"$nulls":5},"表—12"]

{"sheet":"表-13 规费、税金项目清单与计价表","index":5,"n_rows":37,"n_cols":8,"rows_kept":37,"merged":[[0,0,0,7],[1,0,1,2],[1,3,1,5],[1,6,1,7],[2,2,2,3],[2,5,2,6],[3,2,3,3],[3,5,3,6],[4,2,4,3],[4,5,4,6],[5,2,5,3],[5,5,5,6],[6,2,6,3],[6,5,6,6],[7,2,7,3],[7,5,7,6],[8,2,8,3],[8,5,8,6],[9,2,9,3],[9,5,9,6],[10,2,10,3],[10,5,10,6],[11,2,11,3],[11,5,11,6],[12,2,12,3],[12,5,12,6],[13,2,13,3],[13,5,13,6],[14,2,14,3],[14,5,14,6],[15,2,15,3],[15,5,15,6],[16,2,16,3],[16,5,16,6],[17,2,17,3],[17,5,17,6],[18,2,18,3],[18,5,18,6],[19,2,19,3],[19,5,19,6],[20,2,20,3],[20,5,20,6],[21,2,21,3],[21,5,21,6],[22,2,22,3],[22,5,22,6],[23,2,23,3],[23,5,23,6],[24,2,24,3],[24,5,24,6],[25,2,25,3],[25,5,25,6],[26,2,26,3],[26,5,26,6],[27,2,27,3],[27,5,27,6],[28,2,28,3],[28,5,28,6],[29,2,29,3],[29,5,29,6],[30,2,30,3],[30,5,30,6],[31,2,31,3],[31,5,31,6],[32,2,32,3],[32,5,32,6],[33,2,33,3],[33,5,33,6],[34,0,34,6],[35,0,35,2],[35,3,35,7],[36,0,36,2],[36,3,36,5],[36,6,36,7]]}
["规费、税金项目清单与计价表"]
["工程名称：番禺区南村镇板桥村道路铺沥青工程总预算（含其他费用及预备费）",null,null,"标段：",null,null,"第 1 页  共 1 页"]
["序号","项目名称","计算基础",null,"计算基数","计算费率\n(%)",null,"金额(元)"]
["1","增值税销项税额","分部分项合计+措施合计+其他项目",null,762357.49,"9",null,68612.17]
{"$rows_empty":30}
["合    计",{"$nulls":6},68612.17]
[" 编制人（造价人员）：",null,null,"复核人（造价工程师）："]
[{"$nulls":6},"表—13"]

{"sheet":"5.1-1单位工程人材机汇总表","index":6,"n_rows":37,"n_cols":11,"rows_kept":37,"merged":[[0,0,0,10],[1,0,1,6],[1,8,1,10],[2,6,2,8],[3,6,3,8],[4,6,4,8],[5,6,5,8],[6,6,6,8],[7,6,7,8],[8,6,8,8],[9,6,9,8],[10,6,10,8],[11,6,11,8],[12,6,12,8],[13,6,13,8],[14,6,14,8],[15,6,15,8],[16,6,16,8],[17,6,17,8],[18,6,18,8],[19,6,19,8],[20,6,20,8],[21,6,21,8],[22,6,22,8],[23,6,23,8],[24,6,24,8],[25,6,25,8],[26,6,26,8],[27,6,27,8],[28,6,28,8],[29,6,29,8],[30,6,30,8],[31,6,31,8],[32,6,32,8],[33,6,33,8],[34,6,34,8],[35,6,35,8],[36,6,36,8]]}
["单位工程人材机汇总表"]
["工程名称：番禺区南村镇板桥村道路铺沥青工程总预算（含其他费用及预备费）",{"$nulls":7},"第 1 页  共 1 页"]
["序号","编码","名称及规格","单位","数量","单价\n（元）","合价\n（元）",null,null,"品牌","厂家"]
[1,"99450660","安拆费","元",267.1504,1,267.15]
[2,"9946031","安拆费及场外运输费","元",7.058,1,7.06]
[3,"0413001","标准砖240×115×53","千块",11.718,378.65,4437.02]
[4,"09370070","玻璃纤维格栅","m2",5510.0839,12.25,67498.53]
[5,"14030001","柴油","t",0.3241,5330,1727.45]
[6,"99450680","柴油(机械用)0#","kg",1400.5133,5.33,7464.74]
[7,"9946011","大修理费","元",86.7846,1,86.78]
[8,"0341001","低碳钢焊条(综合)","kg",0.546,4.21,2.3]
[9,"9946071","电(机械用)","kw·h",26.8788,0.77,20.7]
[10,"0357001","镀锌低碳钢丝φ0.7～0.9","kg",3.15,5.89,18.55]
[11,"00010003","机上人工","工日",31.4686,230,7237.78]
[12,"9946606","机上人工","工日",19.5631,230,4499.51]
[13,"JXFTZ","机械费调整","元",-0.0009,1]
[14,"99450640","检修费","元",3367.599,1,3367.6]
[15,"9946021","经常修理费","元",485.1751,1,485.18]
[16,"0101041","螺纹钢φ10～25","t",0.8295,3920.53,3252.08]
[17,"99450760","其他材料费","元",818.1989,1,818.2]
[18,"9946131","其他材料费","元",991.4575,1,991.46]
[19,"9946111","其他费用","元",413.664,1,413.66]
[20,"99450670","汽油(机械用)国Ⅲ93#","kg",69.3899,6.66,462.14]
[21,"9946041","汽油(机械用)国Ⅲ93#","kg",473.928,6.66,3156.36]
[22,"00010010","人工费","元",15828.8896,1,15828.89]
[23,"13310050","乳化沥青","kg",4814.16,3.46,16656.99]
[24,"3115001","水","m3",3.7772,4.58,17.3]
[25,"8001276-01","水泥砂浆M7.5(干拌)","m3",7.375,467.84,3450.32]
[26,"8001291-01","水泥砂浆1:2(干拌)","m3",2.068,491.24,1015.88]
[27,"99450650","维护费","元",9982.7465,1,9982.75]
[28,"03139561","铣刨鼓边刀","把",76.3785,23.53,1797.19]
[29,"0109031","圆钢Ф10以内","t",0.252,4805.67,1211.03]
[30,"99450630","折旧费","元",15127.0445,1,15127.04]
[31,"9946001","折旧费","元",555.8334,1,555.83]
[32,"0001001","综合工日","工日",355.8249,110,39140.74]
[]
[null,null,"合计",{"$nulls":3},210998.21]